000 00436nam a2200145Ia 4500
008 230917s9999||||xx |||||||||||||| ||und||
040 _e63574
_aMAIN
041 _aEnglish
082 _a613.7 M314H
100 _aManjeet Kaur
245 3 _aAn introduction to: health and physical education:a text book for students of education regular and correspondence course
260 _aLudhiana
_bTandon
300 _axii, 52 p.
942 _cBK
999 _c106380
_d106380